000 00713nam a2200289Ia 4500
005 20260324111237.0
008 008 260324s9999 xx 000 0 eng d
020 _a9781003530664
037 _aEBOOK
040 _aCRL
040 _beng
040 _cCRL
041 _2eng
041 _aeng
084 _qCRL
100 _aUrmi Sengupta; Kenneth Nielsen
_91137749
245 4 _aThe Politics of Urban Land in South Asia
245 0 _bCurrent Challenges and New Directions
260 _bTaylor and Francis
260 _c2025
365 _a
365 _b230
856 _uhttp://www.taylorfrancis.com/books/9781003530664
942 _cEBOOK
999 _c1726508
_d1726508